100 Biggest Cities of the British Empire in 1921 with a Map - Statistics

General Stats
  • This quiz has been taken 2,595 times
  • The average score is 55 of 100
Answers on the Map
Answers color-coded by a green-red scale on the quiz's map according to % correct below.
 
Answer Stats
Population City Possession % Correct
4.48m London United Kingdom
98%
1m Cairo Egypt
97%
377k Dublin United Kingdom
96%
899k Sydney Australia
96%
522k Toronto Canada
95%
500k Alexandria Egypt
94%
304k Delhi India
94%
1.05m Glasgow United Kingdom
94%
625k Hong Kong Hong Kong
94%
1.18m Bombay India
93%
202k Cape Town South Africa
93%
421k Edinburgh United Kingdom
93%
730k Manchester United Kingdom
93%
250k Baghdad Iraq
92%
117k Vancouver Canada
92%
408k Belfast United Kingdom
91%
803k Liverpool United Kingdom
91%
767k Melbourne Australia
91%
919k Birmingham United Kingdom
90%
286k Johannesburg South Africa
90%
155k Perth Australia
90%
450k SIngapore Straits Settlements
90%
619k Montreal Canada
89%
200k Cardiff United Kingdom
87%
108k Ottawa Canada
87%
158k Auckland New Zealand
86%
908k Calcutta India
85%
458k Leeds United Kingdom
84%
210k Brisbane Australia
82%
275k Newcastle upon Tyne United Kingdom
82%
377k Bristol United Kingdom
81%
217k Karachi India
80%
255k Adelaide Australia
79%
119k Dacca India
79%
167k Aberdeen United Kingdom
77%
224k Colombo Ceylon
77%
527k Madras India
74%
491k Sheffield United Kingdom
72%
404k Hyderabad India
71%
282k Lahore India
71%
342k Rangoon India
71%
161k Southampton United Kingdom
71%
210k Plymouth United Kingdom
70%
263k Nottingham United Kingdom
67%
119k Bangalore India
66%
121k Norwich United Kingdom
64%
247k Portsmouth United Kingdom
64%
158k Swansea United Kingdom
64%
142k Brighton United Kingdom
63%
168k Dundee United Kingdom
63%
179k Winnipeg Canada
63%
287k Kingston upon Hull United Kingdom
62%
234k Leicester United Kingdom
62%
274k Ahmedabad India
60%
186k Agra India
49%
215k Poona India
49%
128k Coventry United Kingdom
48%
241k Lucknow India
47%
120k Jaipur India
46%
149k Mandalay India
45%
159k Sunderland United Kingdom
45%
286k Bradford United Kingdom
44%
240k Stoke-on-Trent United Kingdom
43%
130k Derby United Kingdom
41%
114k Hamilton Canada
40%
117k Surat India
40%
131k Middlesbrough United Kingdom
36%
117k Preston United Kingdom
31%
179k Bolton United Kingdom
30%
145k Nagpur India
30%
127k Blackburn United Kingdom
29%
120k Patna India
29%
137k Ibadan Nigeria
28%
198k Benares India
26%
216k Cawnpore India
25%
160k Amritsar India
23%
234k Salford United Kingdom
22%
110k Huddersfield United KIngdom
21%
146k Birkenhead United Kingdom
20%
125k Gateshead United Kingdom
19%
145k Oldham United Kingdom
19%
142k Srinagar India
18%
191k Croydon United Kingdom
17%
139k Madura India
17%
157k Allahabad India
16%
123k Stockport United Kingdom
16%
301k West Ham United Kingdom
14%
117k South Shields United Kingdom
13%
123k Meerut India
9%
147k Tottenham United Kingdom
9%
130k Bareilly India
8%
143k East Ham United Kingdom
7%
195k Howrah India
7%
109k Jubbulpore India
6%
120k Trichinopoly India
6%
113k Ajmer India
5%
120k Solapur India
5%
129k Walthamstow United Kingdom
3%
128k Leyton United Kingdom
2%
166k Willesden United Kingdom
2%
No matching quizzes found
Score Distribution
Percent of People with Each Score
Percentile by Number Answered
Your Score History
You have not taken this quiz